| 000 | 01548cam a2200397 a 4500 | ||
|---|---|---|---|
| 001 | 13417555 | ||
| 003 | OSt | ||
| 005 | 20140310184244.0 | ||
| 008 | 031126s2004 nyua c b 000 0deng | ||
| 010 | _a 2003068569 | ||
| 020 | _a0439830133 | ||
| 040 |
_aDLC _cDLC _dDLC |
||
| 042 | _alcac | ||
| 043 |
_an-us-pa _an-us--- |
||
| 050 | 0 | 0 |
_aE 234 _b.Am46 2006 |
| 100 | 1 |
_aAmmon, Richard. _925977 |
|
| 245 | 1 | 0 |
_aValley Forge / _cby Richard Ammon ; illustrated by Bill Farnsworth. |
| 260 |
_aNew York : _bScholastic Inc., _c2006. |
||
| 300 |
_a32 p. : _bcol. ill. ; _c29 cm. |
||
| 521 | _aG10 | ||
| 526 | _c1040 | ||
| 600 | 1 | 0 |
_aWashington, George, _d1732-1799 _xHeadquarters _zPennsylvania _zValley Forge _vJuvenile literature. _925978 |
| 610 | 1 | 0 |
_aUnited States. _bContinental Army _xMilitary life _vJuvenile literature. _925979 |
| 610 | 1 | 1 |
_aUnited States. _bContinental Army _xMilitary life. _925980 |
| 651 | 0 |
_aValley Forge (Pa.) _xHistory _y18th century _vJuvenile literature. _925981 |
|
| 651 | 0 |
_aUnited States _xHistory _yRevolution, 1775-1783 _vJuvenile literature. _925982 |
|
| 651 | 1 |
_aUnited States _xHistory _yRevolution, 1775-1783 _xCampaigns. _925983 |
|
| 651 | 1 |
_aValley Forge (Pa.) _925984 |
|
| 700 | 1 |
_aFarnsworth, Bill, _eill. _925985 |
|
| 906 |
_a7 _bcbc _corignew _d1 _eocip _f20 _gy-gencatlg |
||
| 942 |
_2lcc _cBK-SCHOLAS |
||
| 999 |
_c33306 _d33306 |
||